000 00373nam a2200145Ia 4500
008 230917s9999||||xx |||||||||||||| ||und||
040 _e43299
_aMAIN
041 _aEnglish
082 _a821.8 E46R:P
100 _aRamphal, D K
245 0 _aPoetic theory and practice of T S Eliot
260 _aNew Delhi
_bAtlantic Publishers
_c1996
300 _aiv, 277 p.
942 _cBK
999 _c90838
_d90838